Indovina il protagonista dall'anime - Statistics

Statistiche generali
  • Questo quiz è stato fatto 134 volte
  • Il punteggio medio è 9 su 15
Statistiche sulle risposte
Hint Risposta % Corretto
Dragon ball Goku
99%
Pokémon Ash
96%
Attack on Titan Eren
88%
Death Note Light
86%
One punch man Saitama
77%
Demon slayer Tanjiro
77%
Bleach Ichigo
65%
Jujutsu Kaisen Itadori
53%
Black Clover Asta
47%
My Hero Academia Midoriya
47%
Haikyuu! Hinata
43%
Berserk Guts
42%
Code Geass Lelouch
41%
Kaiju No. 8 Kafka
23%
Il monologo della Speziale Mao Mao
23%
Nessun quiz corrispondente trovato
Distribuzione punteggi
Percentuale di utenti per punteggio
Percentile per numero di risposta
I tuoi punteggi nel tempo
Non hai fatto questo quiz